American Power (Record no. 13461)

MARC details
000 -LEADER
fixed length control field 00604nam a2200241 a 4500
020 ## - INTERNATIONAL STANDARD BOOK NUMBER
ISBN 0140183
082 00 - DEWEY DECIMAL CLASSIFICATION NUMBER
Classification number 320.0973
Author Cutter CHO
100 ## - MAIN ENTRY--AUTHOR NAME
Author name Chomsky, Noam
245 ## - TITLE STATEMENT
Title American Power
Sub title and the New Mandarins
260 ## - PUBLICATION, DISTRIBUTION, ETC. (IMPRINT)
Place of publication New Delhi
Name of publisher Penguin Books
Year of publication 2002
300 ## - PHYSICAL DESCRIPTION
Number of Pages 404p
500 ## - GENERAL NOTE
General note includes index and biblioraphy
505 2# - FORMATTED CONTENTS NOTE
Formatted contents note Index
650 ## - SUBJECT ADDED ENTRY--TOPICAL TERM
Topical Term Politics-United States
942 ## - ADDED ENTRY ELEMENTS (KOHA)
Koha item type Books
700 1# -
-- Chomsky, Noam
Holdings
Collection code Home library Current library Date acquired Cost, normal purchase price Full call number Accession Number Koha item type
  Henry Martyn Institute Library Henry Martyn Institute Library 04/05/2007 375.00 320.0973 CHO 020486 Books
                   Copyright © 2026 | Henry Martyn Institute | Hyderabad | TS-500052 | INDIA | Implemented by hmi.edu.in
Hit-Count:

Powered by Koha